|
|
|
|
| LEADER |
00000nab a2200000 a 4500 |
| 001 |
vtls011110770 |
| 003 |
SK-MaSNL |
| 005 |
20260303113908.0 |
| 008 |
230121|2011 xo |||||||||||||||||slo| |
| 015 |
|
|
|a SNBRB
|
| 035 |
|
|
|a (uuid)b3973c99-2dd3-4349-98c8-8f713fb1b608
|
| 035 |
|
|
|a (urnnbn)urn:nbn:sk:snk:ar-a08eht
|
| 035 |
|
|
|a urn:nbn:sk:snk-ab9h7c
|
| 040 |
|
|
|a SNKBUCL
|b slo
|c SNKBUCL
|e AACR2
|
| 041 |
0 |
|
|a slo
|
| 044 |
|
|
|a xo
|c SK
|
| 100 |
1 |
|
|a Kolesárová, Nina
|4 aut
|9 775883
|
| 245 |
1 |
0 |
|a Potenciál produkcie bioplynu z vedľajších produktov výroby bionafty
|c Nina Kolesárová, Miroslav Hutňan, Viera Špalková, Michal Lazor
|
| 700 |
1 |
|
|a Hutňan, Miroslav,
|d 1960-
|4 aut
|9 213485
|
| 700 |
1 |
|
|a Špalková, Viera
|4 aut
|9 775884
|
| 700 |
1 |
|
|a Lazor, Michal
|4 aut
|9 775882
|
| 773 |
0 |
|
|t Agrobioenergia : časopis Združenia pre poľnohospodársku biomasu štvrťročník pre poľnohospodársku energetiku
|g Roč. 5, č. 1 (2011), s. 18-21
|
| 954 |
|
|
|a odborná, vedecká literatúra pôvodná (slovenská)
|2 lita
|
| 958 |
|
|
|a OND
|
| 958 |
|
|
|a EUIPO
|
| 958 |
|
|
|a article13
|
| 999 |
|
|
|c 1895721
|d 1897651
|